000 01031nam0a22002651 4500
001 rc\323323
005 20250621035005.0
010 _a5-02-028997-3
_91000
035 _a(NLR Aleph) 005557458
090 _a5875482
_c5875482
100 _a20030307d1989 |||y0rusy50 ca
101 0 _arus
102 _aRU
105 _ay |||||||||
200 1 _aНародная песенная поэзия монголов
_e(Пробл. жанрового состава)
_fОтв. ред. В.Ц. Найдаков, В.И. Рассадин
_gАН СССР, Сиб. отд-ние, Бурят. ин-т обществ. наук
210 _aНовосибирск
_cНаука. Сиб. отд-ние
_d1989
215 _a147, [2] с.
_d20
300 _aПеред вып. дан. авт.: Хорло Пурэвийн
320 _aБиблиогр.: с. 144-148 (154 назв.)
700 1 _aХорло
_bП.
_gПэрэнлэйн
801 0 _aRU
_bNLR
_gpsbo
801 1 _aRU
_bELAR
_2rusmarc
852 _aNLR
_j89-3/4616
942 _cBOOK
980 _aNB